Scales of professional charges (Record no. 121720)

MARC details
000 -LEADER
fixed length control field 00552cam a2200169 4500
008 - FIXED-LENGTH DATA ELEMENTS--GENERAL INFORMATION
fixed length control field 231122s1958xxk 000 0 eng eng d
035 ## - SYSTEM CONTROL NUMBER
System control number (Sirsi) u134294
041 0# - LANGUAGE CODE
Language code of text/sound track or separate title eng
050 04 - LIBRARY OF CONGRESS CALL NUMBER
Classification number 331.2166 $2 18
110 2# - MAIN ENTRY--CORPORATE NAME
Corporate name or jurisdiction name as entry element Valuers Institution
245 00 - TITLE STATEMENT
Title Scales of professional charges
Remainder of title incorporating revisions effective from 1st August 1958
260 ## - PUBLICATION, DISTRIBUTION, ETC.
Place of publication, distribution, etc. [S.l.]
Name of publisher, distributor, etc. [s.n.]
Date of publication, distribution, etc. 1958 (London
Name of publisher, distributor, etc. E T Heron and Co)
300 ## - PHYSICAL DESCRIPTION
Extent 35p.
Dimensions 12cm.
520 ## - SUMMARY, ETC.
Summary, etc. Contains scales one to 35 inclusive.
690 ## - LOCAL SUBJECT ADDED ENTRY--TOPICAL TERM (OCLC, RLIN)
Topical term or geographic name as entry element MANAGEMENT-BUSINESS MANAGEMENT-FEES
942 ## - ADDED ENTRY ELEMENTS (KOHA)
Suppress in OPAC 0
Source of classification or shelving scheme Dewey Decimal Classification
Holdings
Withdrawn status Lost status Damaged status Not for loan Home library Current library Shelving location Date acquired Total Checkouts Full call number Date last seen Price effective from Koha item type
        Archives Archives RICS Boxes 22/11/2023   RICS/Valuers Institution 1 22/11/2023 22/11/2023 Book